|
|
|
|
| LEADER |
00000nab a2200000 ar4500 |
| 001 |
vtls009356016 |
| 003 |
SK-MaSNL |
| 005 |
20260304153508.0 |
| 008 |
250506c2008 xo fr|p|||||||000 b|slo |
| 015 |
|
|
|a SNBRB2008/10
|2 snkbucl
|
| 035 |
|
|
|a urn:nbn:sk:snk-ab89yw
|
| 035 |
|
|
|a (urnnbn)urn:nbn:sk:snk:ar-a07hlh
|
| 035 |
|
|
|a (uuid)322ee084-32c1-4c8c-bdc2-be5adfc799bd
|
| 038 |
|
|
|a SNKBUCL
|
| 040 |
|
|
|a SNKBUCL
|b slo
|c SNKBUCL
|e AACR2
|
| 041 |
0 |
|
|a slo
|b eng
|
| 044 |
|
|
|a xo
|c SK
|
| 080 |
|
|
|a 339.137.2:519.8
|2 2001
|
| 080 |
|
|
|a 519.8
|2 2001
|
| 100 |
1 |
|
|a Hečková, Jaroslava,
|d 1979-
|4 aut
|9 198694
|
| 245 |
1 |
0 |
|a Multikriteriálna diagnostika konkurencieschopnosti SR prostredníctvom matice a diamantu konkurenčnej výhody
|c Jaroslava Hečková
|
| 300 |
|
|
|b Grafy, sch., tab.
|
| 504 |
|
|
|a Bibliogr. odkazy
|
| 546 |
|
|
|a Res. angl.
|
| 650 |
0 |
7 |
|a ekonomika
|2 snkbucl
|9 789
|
| 650 |
0 |
7 |
|a konkurencieschopnosť
|2 snkbucl
|9 15191
|
| 650 |
0 |
7 |
|a konkurenčná výhoda
|2 snkbucl
|9 91263
|
| 650 |
0 |
7 |
|a multikriteriálne hodnotenie
|2 snkbucl
|9 1476970
|
| 773 |
0 |
|
|t Ekonomicko-manažérske spektrum
|g Roč. II, č. 1 (2008), s. 34-42
|x 1337-0839
|
| 850 |
|
|
|a Slovenská národná knižnica
|
| 852 |
|
|
|a Slovenská národná knižnica
|
| 954 |
|
|
|a odborná, vedecká literatúra pôvodná (slovenská)
|2 lita
|
| 958 |
|
|
|a article9
|
| 958 |
|
|
|a OND
|
| 958 |
|
|
|a NB
|
| 958 |
|
|
|a EUIPO
|
| 999 |
|
|
|c 2953929
|d 2955859
|